000 01345nam a2200529Ia 4500
001 11035
005 20240113235252.0
007 ta
008 050808s1963 g b000 u eng u
040 _aCotton College,Assam
041 _aeng
082 _a320.9
_bR 812 P
100 _aRoy, NC .
245 0 _aPrinciples of Political Science /
_cNC Roy, J Das Gupta, JK Ray.
_hTextual Documents
250 _a1st ed. /
260 _aNew York :
_bMacmillan and co ,
_c1963.
300 _a409p. ;
_c22cm.
504 _aIndex
653 _aPolitical Science-Principles
653 _aPolitics
653 _aMS-Political Science
653 _aG-Political Science
653 _aT/G-Political Science
653 _aT/G-Political Science
653 _aT/G-Political Science
653 _aT/G-Political Science
653 _aT/G-Political Science
653 _aT/G-Political Science
700 _aRay, JK .
700 _aGupta, J Das .
700 _aGupta, Jyotirinda Das .
700 _aRay, Jayanta Kumr .
942 _2ddc
_cBK
999 _c11022
_d11022